Information technology Workshop

Сохранить в:
Библиографические подробности
Главный автор: Dinos Demetriades
Формат:
Язык:Undetermined
Опубликовано: Oxford Oxford Univ. Press 2003
Предметы:
Метки: Добавить метку
Нет меток, Требуется 1-ая метка записи!
Thư viện lưu trữ: Trung tâm Học liệu Trường Đại học Cần Thơ
LEADER 00530nam a2200205Ia 4500
001 CTU_65649
008 210402s9999 xx 000 0 und d
020 |b 50000 
082 |a 428.24 
082 |b D377 
100 |a Dinos Demetriades 
245 0 |a Information technology Workshop 
245 0 |c Dinos Demetriades 
260 |a Oxford 
260 |b Oxford Univ. Press 
260 |c 2003 
650 |a english language 
650 |x spoken english 
904 |i Minh 
980 |a Trung tâm Học liệu Trường Đại học Cần Thơ